| 000 | 00402nam a2200157Ia 4500 | ||
|---|---|---|---|
| 008 | 151021s9999 xx 000 0 und d | ||
| 020 | _a131576933 | ||
| 050 | _aPE 1439 .F58 2007 | ||
| 245 | _a_Mosaics | ||
| 260 | _aNew Jersey : Pearson , 2008 | ||
| 300 | _axxviii,747p. | ||
| 500 | _aIncludes index | ||
| 500 | _aIncludes index | ||
| 650 | _a_Mosaics | ||
| 980 | _a^d20130517 12:51:48^oanne | ||
| 999 |
_c13446 _d13446 |
||